000 00589nam a2200193 i 4500
001 43799
003 ES-MaACL
005 20250903084132.0
007 t|
008 030318q19001920fr ||||1| spa d
110 0 _aLibrería Armand Colin.
_95508
245 1 0 _aCatálogo de la Librería Armand Colin
_b: libros españoles.
260 _aParis :
_bArmand Colin,
_c[19--?]
300 _a16 p. :
_bil. ;
_c24 cm.
610 2 4 _aLibrairie Armand Colin-
_vCatálogos.
_9159025
650 4 _aCatálogos de editores-
_zFrancia
_912068
852 _aES-MaACL
_j1507-F-7
999 _c43799
_d43799